000 00355nam a2200145Ia 4500
008 230917s9999||||xx |||||||||||||| ||und||
040 _e42980
_aMAIN
041 _aEnglish
082 _a588 P219B
100 _aParihar, N S
245 3 _aAn introduction to embryophy ta
260 _aAllahabad
_bCentral Book
_c1985
300 _avi, 377 p.
942 _cBK
999 _c49092
_d49092